000 00297nam a22001217a 4500
008 180109b xxu||||| |||| 00| 0 eng d
041 _aeng
080 _a37
100 _a46
101 _aEDU
245 _aTHE COMPLETE WRITINGS OF THUCYDIDES THE PELOPONNESIAN WAR
_cFINLEY,J,H
942 _2udc
_cBK
999 _c39945
_d39945